000
00308pab a2200133 454500
008
180718b1999 xxu||||| |||| 00| 0 eng d
100
_a
Ahmad, Salma
245
_a
Management of executive stress
260
_c
1999
300
_a
p.241-46
650
_a
Managers
773
_a
Business Review
909
_a
41868
999
_c
41868
_d
41868